000 00645nam a2200229Ia 4500
003 OSt
005 20220925201920.0
006 a|||||r|||| 00| 0
007 ta
008 220923b |||||||| |||| 00| 0 eng d
037 _cGeneral Book
040 _aRTL
_cRTL
_beng
041 _2eng
_aeng
082 _aY:1.25.L<--J5, L5
100 _aOjha P N
_9104879
245 0 _aNorth Indian social life during Mughal period
260 _aDelhi
_bOriental Pub. India
_c1975
300 _axvi,182p
_ccm.
500 _aBibliography : P 160-176
942 _hY:1.25.L<--J5, L5
_cGB
_2CC
999 _c541743
_d541743